|
|
|
|
| LEADER |
00998cam a2200289 7i4500 |
| 001 |
0000029889 |
| 005 |
20130813090000.0 |
| 090 |
0 |
0 |
|a PHOT 381.1
|b MAL (CD)
|
| 110 |
2 |
0 |
|a Malaysia External Trade Development Corporation (MATRADE)
|
| 245 |
2 |
0 |
|a SIAL China (7 - 9 May 2013 : Shanghai, China).
|
| 300 |
# |
# |
|a 111 Photographs:
|b Col.;
|c 1 DVD - R.
|
| 500 |
0 |
0 |
|a Photographs
|
| 650 |
0 |
0 |
|a Roslaily Osman
|
| 650 |
0 |
0 |
|a Aninawati Salleh
|
| 650 |
0 |
0 |
|a Vistern Health Sdn. Bhd
|
| 650 |
0 |
0 |
|a Pagoda Food (M) Sdn. Bhd
|
| 650 |
0 |
0 |
|a Julie's
|
| 650 |
0 |
0 |
|a Hernan Corporation Sdn. Bhd
|
| 650 |
0 |
0 |
|a Licano Food Industries Sdn. Bhd
|
| 650 |
0 |
0 |
|a Food industries Sdn. Bhd
|
| 650 |
0 |
0 |
|a Vegeta Manufacturing Sdn. Bhd
|
| 650 |
0 |
0 |
|a Kampong Kravers - MTC Advance
|
| 650 |
0 |
0 |
|a SIAL China --
|x Exhibition --
|y 2013
|
| 650 |
0 |
0 |
|a MATRADE --
|x Photograph collection --
|y 2013
|
| 650 |
0 |
0 |
|a Mansor Shah Wahid
|
| 650 |
0 |
0 |
|a Munchy's
|
| 999 |
|
|
|a PC00000947
|b Photographs
|c Photographs
|e Business Information Centre
|